L'univers de Jules Verne, les personnages (1) - Statistiques

Statistiques générales
  • Ce quiz a été pris 7 fois
  • Le résultat moyen est 9 sur 498
Statistiques - réponses
Hint Réponse Indice % Correct
1868 - Les Enfants du capitaine Grant Harry {Grant} Gr*nt
67%
1868 - Les Enfants du capitaine Grant Jacques {Paganel} P*g*n*l
67%
1868 - Les Enfants du capitaine Grant Mac {Nabbs} N*bbs
67%
1868 - Les Enfants du capitaine Grant Mary {Grant}
67%
1875 - L'Ile mystérieuse {Nab} N*b
67%
1868 - Les Enfants du capitaine Grant Robert {Grant}
67%
1874 - Le Chancellor {Austin} Au**i*
33%
1866 - Les Aventures du capitaine Hatteras {Bell} B*ll
33%
1875 - L'Ile mystérieuse Capitaine {Nemo} N*m*
33%
1868 - Les Enfants du capitaine Grant Edward {Glenarvan} GLE***VAN
33%
1868 - Les Enfants du capitaine Grant Helena {Glenarvan}
33%
1869 - Autour de la Lune Impey {Barbicane} BARB*****
33%
1865 - De la Terre à la Lune Impey {Barbicane} B*rb*c*n*
33%
1868 - Les Enfants du capitaine Grant Joe {Bell} B*ll
33%
1863 - Cinq semaines en ballon Joseph {Wilson} W*ls*n
33%
1869 - Autour de la Lune J.T. {Maston} M*S*O*
33%
1865 - De la Terre à la Lune J.T. {Maston}
33%
1868 - Les Enfants du capitaine Grant {Mulrady} MUL**DY
33%
1863 - Cinq semaines en ballon Sir Francis {M} ... Mike
33%
1868 - Les Enfants du capitaine Grant Thomas {Banks} B*nks
33%
1868 - Les Enfants du capitaine Grant Tom {Austin} AUS***
33%
1868 - Les Enfants du capitaine Grant {Wilson} W*ls*n
33%
1864 - Le Comte de Chanteleine Abbé {Fermont} FER****
0%
1892 - Claudius Bombarnac Adolphe {Caterna} CATER**
0%
1896 - Clovis Dardentor Agathocle {Désirandelle} D*s*r*nd*ll*
0%
1987 - En Magellanie {Aguire} A*ui*e
0%
1903 - Bourses de voyage Albertus {Leuwen} *eu*e*
0%
1890 - César Cascabel Alexandre {Cascabel}
0%
1884 - L'Etoile du Sud Alice {Watkins} WAT****
0%
1866 - Les Aventures du capitaine Hatteras {Altamont} ALT*****
0%
1919 - L'étonnante aventure de la Mission Barsac Amédée {Florence} **o*e**e
0%
1888 - Famille sans nom André {Farran} F*rr*r*
0%
1874 - Le Chancellor André {Letourneur} L*T*U*N*U*
0%
1884 - L'archipel en feu Andronika {Starkos} STA****
0%
1884 - L'Etoile du Sud Annibal {Pantalacci} PAN**LAC**
0%
1908 - La chasse aux météores Arcadia {Walker} W*L*E*
0%
1879 - Les Cinq cents millions de la Bégum Aristide {Leroux} L*r**x
0%
1879 - Les Cinq cents millions de la Bégum {Arminius} A*M*N*U*
0%
1895 - L'Ile à hélices Athanase {Dorémus} D*r*m*s
0%
1888 - Famille sans nom {Aubineau} Au*i*eau
0%
1903 - Bourses de voyage Axel {Wickborn} WICK****
0%
1874 - Le Chancellor {Baoulas} *aou*a*
0%
1884 - L'Etoile du Sud {Bardik} BAR***
0%
1892 - Claudius Bombarnac Baron {Weissschnitzerdörfer} W*I*S*C*N*T*E*D*R*E*
0%
1895 - L'Ile à hélices Barthélémy {Ruge} R*g*
0%
1919 - L'étonnante aventure de la Mission Barsac {Baudrières} B**dr**r*s
0%
1888 - Deux ans de vacances {Baxter} BAX***
0%
1879 - Les Cinq cents millions de la Bégum Bégum Gokool de {Ragginahra} R*gg*n*hr*
0%
1887 - Le chemin de France Bénoni {Fanthomme} F*nth*mm*
0%
1877 - Hector Servadac Ben-{Zouf} Z**f
0%
1888 - Famille sans nom Bernard {Miquelon} MI***LON
0%
1869 - Autour de la Lune {Bilsby} BIL***
0%
1865 - De la Terre à la Lune {Bilsby}
0%
1879 - Les Cinq cents millions de la Bégum {Binôme} B*n*m*
0%
1875 - L'Ile mystérieuse Bob {Harvey} ***VEY
0%
1868 - Les Enfants du capitaine Grant Bob {Leard} L**rd
0%
1866 - Les Aventures du capitaine Hatteras {Bolton} B*lt*n
0%
1864 - Le Comte de Chanteleine Bonhomme {Locmaillé} L*cm**ll*
0%
1885 - L'Epave du Cynthia {Bowles} BOW***
0%
1888 - Deux ans de vacances {Brandt} Br*ndt
0%
1888 - Deux ans de vacances {Briant} Br**nt
0%
1888 - Famille sans nom Bridget {Morgaz} *o**a*
0%
1901 - Les histoires de Jean-Marie Cabidoulin {Brunel} Br*n*l
0%
1866 - Les Aventures du capitaine Hatteras {Brunton} **u**o*
0%
1902 - Les Frères Kip {Bryce} Br*c*
0%
1887 - Le chemin de France {Buch} B*ch
0%
1874 - Le Chancellor {Burke} B*rk*
0%
1902 - Les Frères Kip {Burnes} *u**e*
0%
1868 - Les Enfants du capitaine Grant {Calfoucoura} C*L*O*C*U*A
0%
1895 - L'Ile à hélices Calistus {Munbar} MUN***
0%
1896 - Clovis Dardentor Capitaine {Bugarach} B*g*r*ch
0%
1887 - Le chemin de France Capitaine de {Linois} *i*oi*
0%
1902 - Les Frères Kip Capitaine {Fork} F*rk
0%
1901 - Les histoires de Jean-Marie Cabidoulin Capitaine {King} K*ng
0%
1987 - En Magellanie Capitaine {Leccar} *e**a*
0%
1919 - L'étonnante aventure de la Mission Barsac Capitaine {Marcenay} M*rc*n**
0%
1895 - L'Ile à hélices Capitaine {Sarol} *a*o*
0%
1902 - Les Frères Kip Capitaine {Skirtle} **i***e
0%
1896 - Face au drapeau Capitaine {Spade} SPA**
0%
1884 - L'archipel en feu Capitaine {Stradena} *****ENA
0%
1882 - L'Ecole des Robinsons Capitaine {Turcotte} TUR*****
0%
1879 - Les Cinq cents millions de la Bégum Carl {Bauer} B***r
0%
1892 - Claudius Bombarnac Caroline {Caterna}
0%
1902 - Les Frères Kip {Carrigan} C*rr*g*n
0%
1888 - Famille sans nom Catherine {Harcher} H*rch*r
0%
1888 - Deux ans de vacances Catherine {Ready} R**d*
0%
1868 - Les Enfants du capitaine Grant {Catriel} CAT****
0%
1890 - César Cascabel César {Cascabel} C*sc*b*l
0%
1888 - Famille sans nom Clary de {Vaudreuil} V**dr***l
0%
1892 - Claudius Bombarnac Claudius {Bombarnac} B*mb*rn*c
0%
1866 - Les Aventures du capitaine Hatteras {Clifton} Cl*ft*n
0%
1896 - Clovis Dardentor Clovis {Dardentor} DARD****
0%
1895 - L'Ile à hélices {Collinson} COLLIN***
0%
1869 - Autour de la Lune Colonel {Blomsberry} BL*msb*rr*
0%
1865 - De la Terre à la Lune Colonel {Blomsberry}
0%
1872 - Aventures de trois Russes et de trois Anglais dans l'Afrique australe Colonel {Everest} E*e*e**
0%
1888 - Famille sans nom Colonel {Gore} G*r*
0%
1879 - Les Cinq cents millions de la Bégum Colonel {Hendon} HEN***
0%
1888 - Famille sans nom {Comeau} CO****
0%
1896 - Clovis Dardentor Commandant {Beauregard} B***r*g*rd
0%
1863 - Cinq semaines en ballon Commandant {Pennet} P*nn*t
0%
1864 - Le Comte de Chanteleine Comtesse de {Chanteleine} Ch**te**in*
0%
1888 - Deux ans de vacances {Cook} C**k
0%
1888 - Deux ans de vacances {Cope} *o*e
0%
1890 - César Cascabel Cornélia {Cascabel}
0%
1888 - Deux ans de vacances {Costar} COS***
0%
1888 - Deux ans de vacances {Cross} Cr*ss
0%
1884 - L'Etoile du Sud Cyprien {Méré} M*r*
0%
1895 - L'Ile à hélices Cyrus {Bikerstaff} B*K*R*T*F*
0%
1875 - L'Ile mystérieuse Cyrus {Smith} Sm*th
0%
1879 - Les Cinq cents millions de la Bégum Dame {Bauer}
0%
1896 - Face au drapeau {Davon} D*v*n
0%
1882 - L'Ecole des Robinsons Dean {Felporg} FEL****
0%
1908 - La chasse aux météores Dean {Forsyth} ***SYTH
0%
1896 - Clovis Dardentor {Derivas} ****VAS
0%
1895 - L'Ile à hélices Diane {Coverley} *o*e**ey
0%
1863 - Cinq semaines en ballon Dick {Kennedy} K*nn*d*
0%
1888 - Famille sans nom Simon {Morgaz}
0%
1896 - Clovis Dardentor Docteur {Bruno} **u*o
0%
1879 - Les Cinq cents millions de la Bégum Docteur {Cicogna} *i*o**a
0%
1866 - Les Aventures du capitaine Hatteras Docteur {Clawbonny} *L*W*O*N*
0%
1901 - Les histoires de Jean-Marie Cabidoulin Docteur {Filhiol} F*lh**l
0%
1890 - César Cascabel Docteur {Harry} *a**y
0%
1879 - Les Cinq cents millions de la Bégum Docteur {Ovidius} *v*d**s
0%
1892 - Le château des Carpathes Docteur {Patak} P*t*k
0%
1901 - Les histoires de Jean-Marie Cabidoulin Docteur {Sinoquet} S*n*q**t
0%
1879 - Les Cinq cents millions de la Bégum Docteur {Stevenson} STEVEN***
0%
1888 - Deux ans de vacances {Dole} *o*e
0%
1888 - Famille sans nom {Doly} D*l*
0%
1888 - Deux ans de vacances {Doniphan} D*N*P*A*
0%
1885 - L'Epave du Cynthia Dr {Kergaridec} KER**RI***
0%
1896 - Face au drapeau {Effondrat} E**o***a*
0%
1884 - L'archipel en feu {Elizundo} E*i*u**o
0%
1865 - De la Terre à la Lune {Elphiston} *lph*st*n
0%
1863 - Cinq semaines en ballon {Elspeth} *lsp*th
0%
1885 - L'Epave du Cynthia Emile {Durrien} DUR****
0%
1888 - Famille sans nom {Emotard} *m*t*rd
0%
1885 - L'Epave du Cynthia Erik {Hersebom} H*R*E*O*
0%
1895 - L'Ile à hélices Ethel {Simcoë} S*mc**
0%
1896 - Clovis Dardentor Eustache {Oriental} O*ie**a*
0%
1888 - Deux ans de vacances {Evans} E*a**
0%
1901 - Les histoires de Jean-Marie Cabidoulin Evariste-Simon {Bourcart} B**rc*rt
0%
1908 - La chasse aux météores Ewald de {Schack} Sch*ck
0%
1902 - Les Frères Kip {Farnham} ***HAM
0%
1892 - Claudius Bombarnac {Faruskiar} F*r*sk**r
0%
1890 - César Cascabel {Fir-fu} F*r-f*
0%
1874 - Le Chancellor {Flaypol} ****POL
0%
1902 - Les Frères Kip Flig {Balt} B*lt
0%
1866 - Les Aventures du capitaine Hatteras {Foker} F*k*r
0%
1888 - Deux ans de vacances {Forbes} F*rb*s
0%
1879 - Les Cinq cents millions de la Bégum {Francine} **ANCI**
0%
1908 - La chasse aux météores Francis {Gordon} GOR***
0%
1879 - Les Cinq cents millions de la Bégum François {Sarrasin} SARRA***
0%
1887 - Le chemin de France Frantz von {Grawert} ***WERT
0%
1892 - Le château des Carpathes Franz de {Télek} T*l*k
0%
1895 - L'Ile à hélices {Frascollin} ****COLLIN
0%
1892 - Le château des Carpathes {Frik} **i*
0%
1885 - L'Epave du Cynthia Fru {Grete-Maria} *****-MARIA
0%
1892 - Claudius Bombarnac Fulk {Ephrinell} E***i*e**
0%
1987 - En Magellanie {Furner} F*rn*r
0%
1888 - Famille sans nom {Gamache} GA**CHE
0%
1888 - Deux ans de vacances {Garnett} ***NETT
0%
1875 - L'Ile mystérieuse Gédéon {Spilett} **i*e**
0%
1865 - De la Terre à la Lune Général {Morgan} MOR***
0%
1892 - Claudius Bombarnac {Ghangir} GHAN***
0%
1888 - Famille sans nom Gilbert {Argall} **GALL
0%
1882 - L'Ecole des Robinsons {Gingrass} ***GRASS
0%
1882 - L'Ecole des Robinsons Godfrey {Morgan} M*rg*n
0%
1888 - Deux ans de vacances {Gordon} G*rd*n
0%
1884 - L'archipel en feu {Gozzo} G*zz*
0%
1888 - Famille sans nom {Gramont} GRA----
0%
1866 - Les Aventures du capitaine Hatteras {Grinnel} Gr*nn*l
0%
1866 - Les Aventures du capitaine Hatteras {Gripper} **i**e*
0%
1884 - L'archipel en feu Hadjine {Elizundo}
0%
1868 - Les Enfants du capitaine Grant {Halbert} H*lb*rt
0%
1987 - En Magellanie {Halg} H*lg
0%
1902 - Les Frères Kip {Hamburg} H*mb*rg
0%
1877 - Les Indes noires Harry {Ford} F*rd
0%
1902 - Les Frères Kip Harry {Gibson} GIB***
0%
1919 - L'étonnante aventure de la Mission Barsac Harry {Killer} K*ll*r
0%
1903 - Bourses de voyage Harry {Markel} M*r*e*
0%
1987 - En Magellanie Harry {Rhodes} ***DES
0%
1902 - Les Frères Kip {Hawkins} ***KINS
0%
1877 - Hector Servadac Hector {Servadac} S*rv*d*c
0%
1864 - Le Comte de Chanteleine {Hégonnec} H*g*nn*c
0%
1888 - Deux ans de vacances {Henley} H*nl**
0%
1884 - L'archipel en feu Henry d'{Albaret} ALB****
0%
1864 - Le Comte de Chanteleine Henry de {Trégolan} TREG****
0%
1875 - L'Ile mystérieuse Herbert {Brown} Br*wn
0%
1987 - En Magellanie {Herrera} H*rr*r*
0%
1884 - L'Etoile du Sud Herr {Friedel} Fr**d*l
0%
1879 - Les Cinq cents millions de la Bégum Herr {Schultze} ****u***e
0%
1868 - Les Enfants du capitaine Grant {Hihy} *i*y
0%
1884 - L'Etoile du Sud H. {Li} L*
0%
1874 - Le Chancellor {Hobbart} *o**a**
0%
1902 - Les Frères Kip {Hobbes} H*bb*s
0%
1892 - Claudius Bombarnac Horatia {Bluett} Bl**tt
0%
1903 - Bourses de voyage Horatio {Patterson} P*t*e*s*n
0%
1903 - Bourses de voyage Hubert {Perkins} P*rk*ns
0%
1895 - L'Ile à hélices Hubley {Harcourt} H*rc**rt
0%
1864 - Le Comte de Chanteleine Humbert de {Chanteleine}
0%
1987 - En Magellanie {Idiarte} Id**rt*
0%
1901 - Le beau Danube jaune Ilia {Krusch} Kr*sch
0%
1887 - Le chemin de France Irma {Delpierre} D*lp**rr*
0%
1877 - Hector Servadac Isaac {Hakhabut} H*kh*b*t
0%
1879 - Les Cinq cents millions de la Bégum Isidore {Sarrasin}
0%
1890 - César Cascabel {Ivan} I*a*
0%
1888 - Deux ans de vacances {Iverson} I*E*S*N
0%
1987 - En Magellanie Jack {Merritt} M*rr*tt
0%
1877 - Les Indes noires Jack {Ryan} R**n
0%
1884 - L'Etoile du Sud Jacobus {Vandergaart} VAN***GAART
0%
1888 - Deux ans de vacances Jacques {Briant}
0%
1888 - Famille sans nom Jacques {Harcher}
0%
1884 - L'Etoile du Sud James {Hilton} H*lt*n
0%
1877 - Les Indes noires James {Starr} St*rr
0%
1919 - L'étonnante aventure de la Mission Barsac Jane {Buxton} *u**o*
0%
1890 - César Cascabel Jean {Cascabel}
0%
1901 - Les histoires de Jean-Marie Cabidoulin Jean-François {Heurtaux} ****TAUX
0%
1887 - Le chemin de France Jean {Keller} K*ll*r
0%
1901 - Les histoires de Jean-Marie Cabidoulin Jean-Marie {Cabidoulin} CA**DOU***
0%
1888 - Famille sans nom Jean {Morgaz}
0%
1884 - L'Etoile du Sud Jeanne {Méré}
0%
1879 - Les Cinq cents millions de la Bégum Jeanne {Sarrasin}
0%
1896 - Clovis Dardentor Jean {Taconnat} T*C*N*A*
0%
1895 - L'Ile à hélices Jem {Tankerdon} ***KER***
0%
1888 - Deux ans de vacances {Jenkins} JEN****
0%
1908 - La chasse aux météores Jenny {Hudelson} H*d*ls*n
0%
1902 - Les Frères Kip {Jim} J*m
0%
1874 - Le Chancellor {Jinxtrop} J*nxtr*p
0%
1869 - Autour de la Lune J.M. {Belfast} B*lf*st
0%
1865 - De la Terre à la Lune J.M. {Belfast}
0%
1888 - Famille sans nom Joann {Morgaz}
0%
1903 - Bourses de voyage John {Carpenter} C*rp*nt*r
0%
1866 - Les Aventures du capitaine Hatteras John {Hatteras} *****RAS
0%
1903 - Bourses de voyage John {Howard} *o*a**
0%
1868 - Les Enfants du capitaine Grant John {Mangles} MAN****
0%
1987 - En Magellanie John {Merritt}
0%
1872 - Aventures de trois Russes et de trois Anglais dans l'Afrique australe John {Murray} M*rr**
0%
1908 - La chasse aux météores John {Proth} Pr*th
0%
1874 - Le Chancellor John {Ruby} R*b*
0%
1874 - Le Chancellor John Silas {Huntley} H*N*L*Y
0%
1866 - Les Aventures du capitaine Hatteras {Johnson} J*hns*n
0%
1884 - L'Etoile du Sud John Stapleton {Watkins}
0%
1877 - Hector Servadac John Temple {Oliphant} ***PHANT
0%
1892 - Le château des Carpathes {Jonas} J*n*s
0%
1869 - Autour de la Lune Jonathan {Blomsberry}
0%
1875 - L'Ile mystérieuse Jonathan {Forster} F*rst*r
0%
1882 - L'Ecole des Robinsons {Jones} J*n*s
0%
1877 - Hector Servadac {Joseph} J*s*ph
0%
1885 - L'Epave du Cynthia Joshua {Churchill} Ch*rch*ll
0%
1868 - Les Enfants du capitaine Grant J.R. {Bentock} BEN****
0%
1874 - Le Chancellor J.R. {Kazallon} *a*a**on
0%
1882 - L'Ecole des Robinsons J.R. {Taskinar} T*sk*n*r
0%
1903 - Bourses de voyage Julian {Ardagh} A**a**
0%
1864 - Le Comte de Chanteleine {Julien} J*l**n
0%
1882 - L'Ecole des Robinsons Jup {Brass} Br*ss
0%
1868 - Les Enfants du capitaine Grant {Kai-Koumou} ***-KOUMOU
0%
1885 - L'Epave du Cynthia {Kajsa} K*js*
0%
1887 - Le chemin de France {Kalkreuth} K*L*R*U*H
0%
1868 - Les Enfants du capitaine Grant {Kara-Tété} ****-TETE
0%
1901 - Le beau Danube jaune Karl {Dragoch} DRAG***
0%
1902 - Les Frères Kip Karl {Kip} K*p
0%
1890 - César Cascabel {Karnof} KAR***
0%
1987 - En Magellanie {Karroly} KAR****
0%
1864 - Le Comte de Chanteleine {Karval} KAR***
0%
1908 - La chasse aux météores {Kate} K*t*
0%
1885 - L'Epave du Cynthia Katrina {Hersebom}
0%
1890 - César Cascabel {Kayette} KAY****
0%
1896 - Face au drapeau Ker {Karraje} KAR****
0%
1864 - Le Comte de Chanteleine {Kernan} KE***
0%
1892 - Claudius Bombarnac {Kiriko} KI**KO
0%
1877 - Hector Servadac {Kirke} K*rk*
0%
1890 - César Cascabel {Kirschef} ****CHEF
0%
1892 - Claudius Bombarnac {Ki-Tsang} KI-TS***
0%
1902 - Les Frères Kip {Koa} K**
0%
1863 - Cinq semaines en ballon {Kokburn} ***BURN
0%
1885 - L'Epave du Cynthia Krisina {Malarius} MALA****
0%
1902 - Les Frères Kip {Kyle} *y*e
0%
1895 - L'Ile à hélices La reine de {Malécarlie} M*l*c*rl**
0%
1892 - Le château des Carpathes la {Stilla} St*ll*
0%
1901 - Le beau Danube jaune {Latzsko} LATZ***
0%
1874 - Le Chancellor Le {Bosseman} B*ss*m*n
0%
1868 - Les Enfants du capitaine Grant Le {Catapaz} *a*a*a*
0%
1892 - Le château des Carpathes Le {colporteur} juif c*lp*rt**r
0%
1919 - L'étonnante aventure de la Mission Barsac Le député {Barsac} BAR***
0%
1896 - Face au drapeau Le directeur de {Heathful}-House HEATH***
0%
1987 - En Magellanie Le {Kaw-Djer} ***-DJER
0%
1902 - Les Frères Kip Len {Cannon} CAN***
0%
1879 - Les Cinq cents millions de la Bégum {Lentz} L*ntz
0%
1895 - L'Ile à hélices le roi de {Malécarlie}
0%
1919 - L'étonnante aventure de la Mission Barsac Lewis {Buxton}
0%
1863 - Cinq semaines en ballon Lieutenant {Dufraisse} D*fr**ss*
0%
1877 - Hector Servadac Lieutenant {Procope} Pr*c*p*
0%
1888 - Famille sans nom Lionel {Restigouche} R*S*I*O*C*E
0%
1884 - L'Etoile du Sud {Lopèpe} L*p*p*
0%
1877 - Hector Servadac Lord {Fairfax} FAIR***
0%
1888 - Famille sans nom Lord {Gosford} *o**o**
0%
1868 - Les Enfants du capitaine Grant Lord {Sommerset} S*mm*rs*t
0%
1879 - Les Cinq cents millions de la Bégum Lors {Glandover} ****DOVER
0%
1903 - Bourses de voyage Louis {Clodion} CLO****
0%
1896 - Clovis Dardentor Louise {Elissane} E*i**a*e
0%
1908 - La chasse aux météores Louise {Hudelson}
0%
1888 - Famille sans nom Louis {Lacasse} L*c*ss*
0%
1902 - Les Frères Kip {Mac Carthy} MAC ***THY
0%
1896 - Clovis Dardentor Madame {Désirandelle}
0%
1896 - Clovis Dardentor Madame {Elissane}
0%
1908 - La chasse aux météores Madame {Hudelson}
0%
1874 - Le Chancellor Madame {Kear} K**r
0%
1887 - Le chemin de France Madame {Keller}
0%
1987 - En Magellanie Madame {Rhodes}
0%
1877 - Les Indes noires Madge {Ford}
0%
1987 - En Magellanie {Madison} MADI***
0%
1892 - Le château des Carpathes Magister {Hermod} HER***
0%
1903 - Bourses de voyage Magnus {Anders} A**e**
0%
1885 - L'Epave du Cynthia Maître {Bredejord} Br*d*j*rd
0%
1866 - Les Aventures du capitaine Hatteras Maitre {Cornhill} CORN****
0%
1885 - L'Epave du Cynthia Maître {Hersebom}
0%
1892 - Le château des Carpathes Maitre {Koltz} K*ltz
0%
1888 - Famille sans nom Maître {Nick} N*ck
0%
1892 - Claudius Bombarnac Major {Noltitz} NOL****
0%
1888 - Famille sans nom Major {Sinclair} S*ncl**r
0%
1919 - L'étonnante aventure de la Mission Barsac {Malik} & {Tongané} M*l*k T*ng*n*
0%
1868 - Les Enfants du capitaine Grant Manuel {Ipharaguerre} *P*A*A*U*R*E
0%
1879 - Les Cinq cents millions de la Bégum Marcel {Bruckmann} Br*ckm*nn
0%
1919 - L'étonnante aventure de la Mission Barsac Marcel {Camaret} CAMA***
0%
1896 - Clovis Dardentor Marcel {Lornans} LO**ANS
0%
1864 - Le Comte de Chanteleine Marie de {Chanteleine}
0%
1885 - L'Epave du Cynthia {Marsilas} *a**i*a*
0%
1887 - Le chemin de France Marthe de {Lauranay} L**r*n**
0%
1884 - L'Etoile du Sud {Matakit} MATA***
0%
1872 - Aventures de trois Russes et de trois Anglais dans l'Afrique australe Mathieu {Strux} Str*x
0%
1901 - Les histoires de Jean-Marie Cabidoulin Mathurin {Ollive} O**i*e
0%
1884 - L'Etoile du Sud Mathys {Pretorius} Pr*t*r**s
0%
1902 - Les Frères Kip M. {Balfour} ***FOUR
0%
1919 - L'étonnante aventure de la Mission Barsac M. {Châtonnay} Ch*t*nn**
0%
1919 - L'étonnante aventure de la Mission Barsac M. de {Saint-Bérain} S**nt-B*r**n
0%
1868 - Les Enfants du capitaine Grant Michaël {Patterson} *a**e**o*
0%
1869 - Autour de la Lune Michel {Ardan} A*d*n
0%
1888 - Famille sans nom Michel {Harcher}
0%
1872 - Aventures de trois Russes et de trois Anglais dans l'Afrique australe Michel {Zorn} Z*rn
0%
1892 - Le château des Carpathes Miriota {Koltz}
0%
1874 - Le Chancellor Miss {Herbey} H*rb**
0%
1908 - La chasse aux météores {Mitz} M*tz
0%
1877 - Hector Servadac Mme de {L} Lima
0%
1879 - Les Cinq cents millions de la Bégum Mme {Sarrasin}
0%
1901 - Le beau Danube jaune M. {Miclesco} M*cl*sc*
0%
1877 - Hector Servadac {Mochel} M*ch*l
0%
1868 - Les Enfants du capitaine Grant Moini {Loungga} *ou***a
0%
1888 - Deux ans de vacances {Moko} M*k*
0%
1872 - Aventures de trois Russes et de trois Anglais dans l'Afrique australe {Mokoum} MOK***
0%
1896 - Clovis Dardentor {Moktani} ***TANI
0%
1887 - Le chemin de France Monsieur de {Lauranay}
0%
1896 - Clovis Dardentor Monsieur {Désirandelle}
0%
1888 - Famille sans nom Monsieur de {Vaudreuil}
0%
1874 - Le Chancellor Monsieur {Kear}}
0%
1887 - Le chemin de France Monsieur {Keller}
0%
1874 - Le Chancellor Monsieur {Letourneur}
0%
1872 - Aventures de trois Russes et de trois Anglais dans l'Afrique australe {Moulibahan} M*U*I*A*A*
0%
1919 - L'étonnante aventure de la Mission Barsac M. {Poncin} PON***
0%
1868 - Les Enfants du capitaine Grant Mrd {Olbinett}
0%
1885 - L'Epave du Cynthia Mr {Durrien}
0%
1888 - Deux ans de vacances Mr. {Penfield} P*nf**ld
0%
1895 - L'Ile à hélices Mrs {Coverley}
0%
1888 - Deux ans de vacances Mrs {Penfield}
0%
1865 - De la Terre à la Lune {Murchison} **RC**ON
0%
1877 - Hector Servadac {Murphy} MUR***
0%
1864 - Le Comte de Chanteleine Mutius {Scévola} SC**OLA
0%
1890 - César Cascabel Napoléone {Cascabel}
0%
1887 - Le chemin de France Natalis {Delpierre}
0%
1895 - L'Ile à hélices Nat {Coverley}
0%
1902 - Les Frères Kip Nat {Gibson}
0%
1884 - L'Etoile du Sud {Nathan} *a**a*
0%
1892 - Claudius Bombarnac Nathaniel {Morse} lM*rs*
0%
1890 - César Cascabel Ned {Harley} H*rl**
0%
1877 - Hector Servadac {Negrete} N*gr*tt*
0%
1877 - Les Indes noires {Nell} N*ll
0%
1892 - Le château des Carpathes Nic {Deck} D*ck
0%
1869 - Autour de la Lune {Nicholl} NIC****
0%
1865 - De la Terre à la Lune {Nicholl} N*ch*ll
0%
1872 - Aventures de trois Russes et de trois Anglais dans l'Afrique australe Nicolas {Palander} *****DER
0%
1877 - Hector Servadac {Niegoch} *ie*o**
0%
1903 - Bourses de voyage Niels {Harboe} ***BOE
0%
1877 - Hector Servadac {Nina} N*n*
0%
1882 - L'Ecole des Robinsons {Oakhurst} Oa**u***
0%
1902 - Les Frères Kip {O'Brien} O'**ie*
0%
1879 - Les Cinq cents millions de la Bégum Octave {Sarrasin}
0%
1885 - L'Epave du Cynthia Olaf {Malarius}
0%
1868 - Les Enfants du capitaine Grant {Olbinett} OLBI****
0%
1908 - La chasse aux météores {Omicron} OMI****
0%
1874 - Le Chancellor {O'Ready} O'R**D*
0%
1892 - Le château des Carpathes {Orfanik} ORFA***
0%
1890 - César Cascabel {Ortik} O*t*k
0%
1885 - L'Epave du Cynthia Otto {Hersebom}
0%
1874 - Le Chancellor {Owen} *w*n
0%
1877 - Hector Servadac {Pablo} Pbl*
0%
1877 - Hector Servadac Palmyrin {Rosette} RO*****
0%
1892 - Claudius Bombarnac {Pan-Chao} ***-CHAO
0%
1877 - Hector Servadac {Panofka} **NOF**
0%
1888 - Famille sans nom {Papineau} PA**NEAU
0%
1896 - Clovis Dardentor {Patrice} P*tr*c*
0%
1885 - L'Epave du Cynthia Patrick {O'Donoghan} O'*o*o**a*
0%
1866 - Les Aventures du capitaine Hatteras {Pen} P*n
0%
1875 - L'Ile mystérieuse {Pencroff} ***CROFF
0%
1987 - En Magellanie Père {Athanase} ATHA**SE
0%
1901 - Les histoires de Jean-Marie Cabidoulin Père {Brulard} BRU****
0%
1987 - En Magellanie Père {Séverin} S*v*r*n
0%
1902 - Les Frères Kip Peter {Kip}
0%
1884 - L'Etoile du Sud Pharamond {Barthès} ***THES
0%
1882 - L'Ecole des Robinsons Phina {Hollaney} H*ll*n**
0%
1888 - Famille sans nom Pierre {Harcher}
0%
1896 - Clovis Dardentor {Pigorin} PIGO***
0%
1888 - Deux ans de vacances {Pike} P*k*
0%
1895 - L'Ile à hélices {Pinchinat} PIN***NAT
0%
1866 - Les Aventures du capitaine Hatteras {Plover} **oye*
0%
1892 - Claudius Bombarnac {Popof} P*p*f
0%
1885 - L'Epave du Cynthia {Regnild} REG****
0%
1888 - Famille sans nom Rémy {Harcher}
0%
1908 - La chasse aux météores Révérend {O'Garth} OGA***
0%
1872 - Aventures de trois Russes et de trois Anglais dans l'Afrique australe Révérend Thomas {Dale} D*l*
0%
1866 - Les Aventures du capitaine Hatteras Richard {Shandon} Sh*nd*n
0%
1888 - Famille sans nom {Rip} R*p
0%
1874 - Le Chancellor Robert {Kurtis} *u**i*
0%
1892 - Le château des Carpathes Rodolphe de {Gortz} G*rtz
0%
1885 - L'Epave du Cynthia Roff {Schwaryencrona} SCH***YEN***NA
0%
1903 - Bourses de voyage Roger {Hindasle} H*nd*sl*
0%
1901 - Les histoires de Jean-Marie Cabidoulin {Rollat} ROL***
0%
1901 - Les histoires de Jean-Marie Cabidoulin Romain {Allotte} A**o**e
0%
1890 - César Cascabel {Ro-No} R*-N*
0%
1890 - César Cascabel {Rostof} ROS***
0%
1892 - Le château des Carpathes {Rotzko} ROT***
0%
1863 - Cinq semaines en ballon Samuel {Fergusson} ***GUSSON
0%
1874 - Le Chancellor {Sandon} S*nd*n
0%
1868 - Les Enfants du capitaine Grant Sandy {Patterson}
0%
1895 - L'Ile à hélices Sébastien {Zorn} Z*rn
0%
1879 - Les Cinq cents millions de la Bégum {Seligman} S*l*gm*n
0%
1882 - L'Ecole des Robinsons {Seng-Vou} SENG-***
0%
1890 - César Cascabel Serge {Narkine} N*rk*n*
0%
1863 - Cinq semaines en ballon Sergent {Dufais} D*f**s
0%
1896 - Face au drapeau {Serkö} *e**o
0%
1888 - Deux ans de vacances {Service} SER****
0%
1908 - La chasse aux météores Seth {Stanfort} S*A*F*R*
0%
1902 - Les Frères Kip {Sexton} SEX***
0%
1879 - Les Cinq cents millions de la Bégum {Sigimer} *i*i*e*
0%
1877 - Les Indes noires {Silfax} ***FAX
0%
1877 - Les Indes noires Simon {Ford}
0%
1896 - Face au drapeau Simon {Hart} H*rt
0%
1890 - César Cascabel Sir Edward {Turner} T*rn*r
0%
1888 - Famille sans nom Sir John {Colborne} COL***NE
0%
1877 - Les Indes noires Sir W. {Elphiston} EL****TON
0%
1884 - L'archipel en feu {Skopélo} **o*e*o
0%
1863 - Cinq semaines en ballon Soldat {Flipeau} FL***AU
0%
1863 - Cinq semaines en ballon Soldat {Guillon} GUI****
0%
1863 - Cinq semaines en ballon Soldat {Lebel} L*b*l
0%
1863 - Cinq semaines en ballon Soldat {Lorois} L*r**s
0%
1863 - Cinq semaines en ballon Soldat {Mayor} M**r
0%
1863 - Cinq semaines en ballon Soldat {Pélissier} PELI*****
0%
1863 - Cinq semaines en ballon Soldat {Rodamel} *o*a*e*
0%
1895 - L'Ile à hélices {Somwah} SOM***
0%
1885 - L'Epave du Cynthia {Squirrélius} Sq**rr*l**s
0%
1879 - Les Cinq cents millions de la Bégum {Stilbing} St*lb*ng
0%
1882 - L'Ecole des Robinsons {Stumpy} St*mp*
0%
1908 - La chasse aux météores Sydney {Hudelson}
0%
1882 - L'Ecole des Robinsons {Tartelett} T*rt*l*tt
0%
1890 - César Cascabel {Tchou-Tchouk} Tch**-Tch***
0%
1868 - Les Enfants du capitaine Grant {Thalcave} THAL****
0%
1879 - Les Cinq cents millions de la Bégum Thérèse {Schultze}
0%
1888 - Famille sans nom Thomas {Harcher}
0%
1896 - Face au drapeau Thomas {Roch} R*ch
0%
1884 - L'Etoile du Sud Thomas {Steel} St**l
0%
1884 - L'archipel en feu {Todros} T*dr*s
0%
1868 - Les Enfants du capitaine Grant Tom {Ayrton} Ay**o*
0%
1875 - L'Ile mystérieuse Tom {Ayrton} Ay**o*
0%
1865 - De la Terre à la Lune Tom {Hunter} H*nt*r
0%
1987 - En Magellanie Tom {Land} L*nd
0%
1885 - L'Epave du Cynthia Tommy {Duff} D*ff
0%
1888 - Famille sans nom Tony {Harcher}
0%
1903 - Bourses de voyage Tony {Renault} *e*au**
0%
1885 - L'Epave du Cynthia Tudor {Brown} Br*wn
0%
1888 - Famille sans nom Vincent {Hodge} HOD**
0%
1902 - Les Frères Kip Vin {Mood} M**d
0%
1885 - L'Epave du Cynthia Wanda {Hersebom}
0%
1890 - César Cascabel Wassili {Narkine}
0%
1877 - Hector Servadac Wassili {Tirnascheff} T*R*A*C*E*F
0%
1888 - Deux ans de vacances {Webb} W*bb
0%
1888 - Deux ans de vacances {Wilcox} *i**ox
0%
1868 - Les Enfants du capitaine Grant Will {Haley} *a*e**
0%
1872 - Aventures de trois Russes et de trois Anglais dans l'Afrique australe William {Emery} E*e*y
0%
1874 - Le Chancellor William {Falsten} FALS***
0%
1879 - Les Cinq cents millions de la Bégum William Henry {Sharp} Sh*rp
0%
1888 - Famille sans nom William {Hodge}
0%
1903 - Bourses de voyage William J. {Morlan} M*r*a*
0%
1882 - L'Ecole des Robinsons William W. {Kolderup} K*L*E*U*
0%
1903 - Bourses de voyage Will {Mitz} M*tz
0%
1884 - L'archipel en feu {Xaris} *a*i*
0%
1895 - L'Ile à hélices {Yvernès} Y*e**e*
0%
1901 - Les histoires de Jean-Marie Cabidoulin Yves {Coquebert} C*q**b*rt
0%
1908 - La chasse aux météores Zéphyrin {Xirdal} ***DAL
0%
1892 - Claudius Bombarnac Zinca {Klork} Kl*rk
0%
Aucun quiz correspondant
Distribution des résultats
% des personnes avec chaque résultat
Percentile par nombre de réponses
Votre historique - résultats
Vous n’avez pas pris ce quiz